Statistiche per Latino- letteratura e grammatica

Clicka qui per fare il quiz!

Statistiche generali

  • Questo quiz è stato fatto 114 volte
  • Il punteggio medio è 19 su 53

Statistiche sulle risposte

DomandaRisposta% Corretto
quante sono le declinazioni?5
100%
quante sono le coniugazioni verbali?4
97%
quanti sono i gruppi della 3° declinazione?3
89%
quante sono le terminazioni del 1° gruppo degli aggettivi di seconda classe?3
89%
maschile femminile eneutro
88%
i 6 casi sono: nominativo, accusativo, ablativo, vocativo, dativo egenitivo
85%
il verbo possum è un composto di quale verbo?sum
71%
vulgus, pelagus e virus sono nomi che escono in us di quale declinazione2
69%
genitivo di IuppiterIovis
68%
attraversò il Rubicone nonostante il divieto del SenatoCesare
65%
Cesare, Pompeo e Crasso sono componenti del primotriumvirato
64%
abbandona Didone e sposa LaviniaEnea
62%
autore delle Georgiche e della poesia bucolicaVirgilio
59%
nominativo di roborisvis
58%
Copia al singolare in latino cosa vuol dire?abbondanza
56%
il Marco Porcio chiamato "il censore"Catone
52%
volo vis volui velle è il ...paradigma
52%
divitiae, nuptiae, tenebrae e i nomi delle città sonopluralia tantum
52%
il "de bello civili" di Cesare narra dei fatti tra Cesare ePompeo
47%
complesso di valori e di tradizioni che costituivano il fondamento della cultura latinamos maiorum
43%
venne esiliato per volere dell'imperatore ClaudioSeneca
42%
nome dei 4 discorsi tenuti da Cicerone contro CatilinaCatilinarie
41%
autore de "de vita Iulii Agricolae" (l'Agricola)Tacito
41%
historia magistravitae
37%
autore dell' "Ars amatoria" ( poemetto in distici elegiaci)Ovidio
36%
le sue commedie ispirarono Carlo Goldoni, alcune vengono ancora rappresentatePlauto
36%
autore del "Satyricon" chiamato "arbiter elegantiae"Petronio
33%
uomini del secondo triumvirato insieme a Marco AntonioOttaviano e Lepido
30%
nome vero di Lesbia, musa ispiratrice di CatulloClodia
21%
i suoi epigrammi sono famosi e a volte anche proibitiMarziale
21%
è considerato il primo grande storico latino e padre della storiografiaSallustio
21%
alea iacta est (il dado è tratto) è una frase attribuita a Cesare daSvetonio
18%
il "vir bonus dicendi peritus" (uomo di valore esperto nel dire) secondo Quintiliano è il modello di perfettooratore
16%
opera di Sant'Agostino composta da 13 libri in parte autobiograficaConfessiones
15%
"mens sana in corpore sano" è una sentenza diGiovenale
14%
attacca la cultura moderna dei romani e fa uso dell' "indignatio"Giovenale
14%
opera più importante di LucanoPharsalia
14%
componimento di Orazio che rappresenta un trattato sulla poesiaArs poetica
12%
opera di Apuleio chiamata anche "l'asino d'oro" divisa in 3 sezioni e 11 librile Metamorfosi
11%
il suo stile è baroccheggiante, macabro, drammatico ed esageratoLucano
11%
il "de re coquinaria" è un ricettario gastronomico diApicio
10%
Svetonio è autore di moltebiografie
10%
orazione scritta da Apuleio come autodifesaDe magia
10%
opera famosa di QuintilianoInstitutio oratoria
10%
poeta satirico che svolge il ruolo di "chirurgo" in quanto cura i costumi malati con "l'ingenuus ludus"Persio
10%
Seneca scrisse 10 opere di carattere filosofico detteDialogi
9%
opera che contrappone le città di Babilonia e GerusalemmeDe civitate dei
7%
figura criticata da Giovenale insieme agli omosessuali e al cliensdonna
7%
Persio utilizzava la "iuntura..."acris
4%
Il corpus di Seneca è composto da 10 tragedie di origine mitologica e una di origine romana, qualeOctavia
3%
"faber est suae quisque fortunae" è una frase attribuita aAppio Claudio Cieco
2%
opera di Tacito dal carattere etnografico e antropologicoDe origine et situ Germanorum
2%
battuta finale che ribalta la situazione iniziale negli epigrammifulmen in clausola
2%

Distribuzione punteggi

Percentile per numero di risposta

Percentuale di utenti per punteggio

I tuoi punteggi nel tempo

Non hai fatto questo quiz